000 00689nam a22002057a 4500
003 OSt
005 20251121143946.0
008 251121b |||||||| |||| 00| 0 eng d
020 _a0534-53914-9.
040 _aDWCL-Main lib
_cOC
082 _aCirc. 371.3028 P945d 2003
100 _aPrice, Kay M.
245 _aDaily planning for today's lesson :
_ba guide to writing lesson and activity plans 2nd ed.
_cPrice, Kay M.
260 _aAustralia :
_bThomson/Wadsworth,
_cc2003.
300 _avi, 154 pages ;
_c27 cm.
504 _aIncludes Bibliographical refrences
650 _21. Lesson planning-handbooks, manuals, etc.
700 _aNelson, Karina L.
942 _2ddc
_cBK-CIRC
_kCirc.
_n0
999 _c6011
_d6011